000 00685nam a2200289Ia 4500
005 20260324143308.0
008 008 260324s9999 xx 000 0 eng d
020 _a9781315109305
037 _aEBOOK
040 _aCRL
040 _beng
040 _cCRL
041 _2eng
041 _aeng
084 _qCRL
100 _aDennis Carlson
_91195598
245 0 _aTeachers and Crisis
245 0 _bUrban School Reform and Teachers' Work Culture
260 _bTaylor and Francis
260 _c1992
365 _a
365 _b205
856 _uhttp://www.taylorfrancis.com/books/9781315109305
942 _cEBOOK
999 _c1820319
_d1820319